Online
Catalog

Lo bello y lo sublime ; La paz perpetua / (Record no. 37760)

MARC details
000 -CABECERA
campo de control de longitud fija 00952nam a2200301 a 4500
001 - NÚMERO DE CONTROL
campo de control 000038270
005 - FECHA Y HORA DE LA ÚLTIMA TRANSACCIÓN
campo de control 20201002031219.0
008 - DATOS DE LONGITUD FIJA--INFORMACIÓN GENERAL
campo de control de longitud fija 130405s1982 sp 000 0 spa d
020 ## - NÚMERO INTERNACIONAL ESTÁNDAR DEL LIBRO
Número Internacional Estándar del Libro 8423906124
082 ## - NÚMERO DE LA CLASIFICACIÓN DECIMAL DEWEY
Número de clasificación 193
Número de documento/Ítem K16b, 1982
040 ## - FUENTE DE LA CATALOGACIÓN
Centro catalogador/agencia de origen DO-SdBNP
100 1# - ENTRADA PRINCIPAL--NOMBRE DE PERSONA
Nombre de persona Kant, Immanuel,
Fechas asociadas al nombre d1724-1804.
9 (RLIN) 64636
245 13 - MENCIÓN DE TÍTULO
Título Lo bello y lo sublime ; La paz perpetua /
Mención de responsabilidad, etc. Kant ; traducciones de A. Sánchez Rivero y F. Rivera Pastor, respectivamente.
246 10 - FORMA VARIANTE DE TÍTULO
Título propio/Titulo breve La paz perpetua
250 ## - MENCIÓN DE EDICIÓN
Mención de edición 7a. ed.
260 ## - PUBLICACIÓN, DISTRIBUCIÓN, ETC.
Lugar de publicación, distribución, etc. Madrid :
Nombre del editor, distribuidor, etc. Espasa-Calpe,
Fecha de publicación, distribución, etc. 1982.
300 ## - DESCRIPCIÓN FÍSICA
Extensión 159 p. ;
Dimensiones 16 cm.
490 1# - MENCIÓN DE SERIE
Mención de serie Austral
Designación de volumen o secuencia 612
500 ## - NOTA GENERAL
Nota general Incluye notas al pie de las páginas
650 #4 - PUNTO DE ACCESO ADICIONAL DE MATERIA--TÉRMINO DE MATERIA
Término de materia o nombre geográfico como elemento de entrada Estética
9 (RLIN) 653
650 #4 - PUNTO DE ACCESO ADICIONAL DE MATERIA--TÉRMINO DE MATERIA
Término de materia o nombre geográfico como elemento de entrada Paz
9 (RLIN) 29363
700 12 - PUNTO DE ACCESO ADICIONAL--NOMBRE DE PERSONA
Nombre de persona Sánchez Rivero, Ángel
9 (RLIN) 64637
700 12 - PUNTO DE ACCESO ADICIONAL--NOMBRE DE PERSONA
Nombre de persona Rivera Pastor, F.
9 (RLIN) 64638
740 3# - PUNTO DE ACCESO ADICIONAL--TÍTULO RELACIONADO O ANALÍTICO NO CONTROLADO
Título relacionado o analítico no controlado Lo bello y lo sublime
740 3# - PUNTO DE ACCESO ADICIONAL--TÍTULO RELACIONADO O ANALÍTICO NO CONTROLADO
Título relacionado o analítico no controlado La paz perpetua
830 #0 - PUNTO DE ACCESO ADICIONAL DE SERIE-TÍTULO UNIFORME
Título uniforme Austral
Número de parte o sección de la obra 612
9 (RLIN) 64639
910 ## - DATOS DE OPCIÓN DEL USUARIO (OCLC)
Datos de opción del usuario Validado. Control de calidad MFF
Holdings
Estado de retiro Estado de pérdida Restricciones de uso No para préstamo Código de colección Localización permanente Ubicación/localización actual Ubicación en estantería Fecha de adquisición Número de inventario Total de préstamos Signatura topográfica completa Código de barras Fecha visto por última vez Precio válido a partir de Tipo de ítem Koha
      Excluido de préstamo Monografías: Libros y Folletos General General Depósito 05.04.2013 LF1   193 K16b, 1982 38270-10 25.06.2020 25.06.2020 No se presta

Powered by Koha